书目信息 |
| 题名: |
电子元器件手工焊接技术
|
|
| 作者: | 王春霞 , 朱延枫 , 王俊生 编著 | |
| 分册: | ||
| 出版信息: | 北京 机械工业出版社 2021.01 |
|
| 页数: | 201页 | |
| 开本: | 26cm | |
| 丛书名: | ||
| 单 册: | ||
| 中图分类: | TN05 | |
| 科图分类: | ||
| 主题词: | 电子元件--dian zi yuan jian--焊接 , 电子器件--dian zi qi jian--焊接 | |
| 电子资源: | ||
| ISBN: | 978-7-111-67014-8 | |
| 000 | 01271nam0 2200289 450 | |
| 001 | 202021194584 | |
| 005 | 20211025120147.0 | |
| 010 | @a978-7-111-67014-8@dCNY49.80 | |
| 100 | @a20211005d2021 em y0chiy50 ea | |
| 101 | 0 | @achi |
| 102 | @aCN@b110000 | |
| 105 | @aak a 000yy | |
| 106 | @ar | |
| 200 | 1 | @a电子元器件手工焊接技术@Adian zi yuan qi jian shou gong han jie ji shu@f王春霞, 朱延枫, 王俊生编著 |
| 205 | @a第3版 | |
| 210 | @a北京@c机械工业出版社@d2021.01 | |
| 215 | @a201页@c图@d26cm | |
| 320 | @a有书目 (第200-201页) | |
| 330 | @a电子元器件手工焊接技术第3版从最基本的焊接知识、焊接机理及焊接材料开始, 介绍了电子产品手工焊接工具、拆焊工具及相关设备, 详细介绍了焊接技术与焊接工艺, 导线、端子及印制电路板的焊接、拆焊方法, 焊接质量检验及缺陷分析, 常见电子元器件, 电子装连技术, 电子产品整机装配工艺以及常用的仪器仪表使用方法, 并以收音机焊接为例详细介绍了焊接及装配过程, 本书在修订过程中增加了25个相应操作视频, 方便广大读者进行观看学习。 | |
| 606 | 0 | @a电子元件@Adian zi yuan jian@x焊接 |
| 606 | 0 | @a电子器件@Adian zi qi jian@x焊接 |
| 690 | @aTN05@v5 | |
| 701 | 0 | @a王春霞@Awang chun xia@4编著 |
| 701 | 0 | @a朱延枫@Azhu yan feng@4编著 |
| 701 | 0 | @a王俊生@Awang jun sheng@4编著 |
| 801 | 0 | @aCN@c20210909 |
| 905 | @a河南城建学院图书馆@dTN05@eW137 | |
| 电子元器件手工焊接技术/王春霞, 朱延枫, 王俊生编著.-第3版.-北京:机械工业出版社,2021.01 |
| 201页:图;26cm |
| ISBN 978-7-111-67014-8:CNY49.80 |
| 电子元器件手工焊接技术第3版从最基本的焊接知识、焊接机理及焊接材料开始, 介绍了电子产品手工焊接工具、拆焊工具及相关设备, 详细介绍了焊接技术与焊接工艺, 导线、端子及印制电路板的焊接、拆焊方法, 焊接质量检验及缺陷分析, 常见电子元器件, 电子装连技术, 电子产品整机装配工艺以及常用的仪器仪表使用方法, 并以收音机焊接为例详细介绍了焊接及装配过程, 本书在修订过程中增加了25个相应操作视频, 方便广大读者进行观看学习。 |
| ● |
| 相关链接 |
|
|
|
正题名:电子元器件手工焊接技术
索取号:TN05/W137
 
预约/预借
| 序号 | 登录号 | 条形码 | 馆藏地/架位号 | 状态 | 备注 |
| 1 | 1543789 | 215437891 | 自科库301/301自科库 25排1列2层/ [索取号:TN05/W137] | 在馆 | |
| 2 | 1543790 | 215437908 | 自科库301/301自科库 25排1列2层/ [索取号:TN05/W137] | 在馆 |